000 00431nam a2200157 a 4500
005 20140412111223.0
008 100122s19uu xx 00 eng d
020 _a0-439-37951-2
050 _aTR(PS
_bAd5 1998
100 _aAdler, David
245 _aA Picture book of Amelia Earhart /
_cDavid A. Adler.
260 _aU.S.A :
_bScholastic,
_c1998.
300 _aunp.
440 _aPicture book biography series
999 _c101977
_d101977